000 00782nam a2200265 4500
999 _c5669
_d5669
001 1242205
003 OSt
005 20220530083149.0
008 730611s1973 at 001 0 eng
010 _a 72001574
015 _aAus***
020 _a0471342769
040 _aDLC
_cALUPE UNIVERSITY
_dDLC
050 0 0 _aTA405
_b.H14 1973
082 0 0 _a620.1/1
100 1 _aHall, Arthur Stanley.
245 1 3 _aAn introduction to the mechanics of solids;
_bstresses and deformation in bars,
_cby A. S. Hall.
250 _aSI ed.
260 _aSydney,
_aNew York,
_bJ. Wiley & Sons Australasia
_cc1973
300 _axvi, 448 p.
_c24 cm.
500 _aIncludes index
650 0 _aStrength of materials.
906 _a7
_bcbc
_corignew
_d2
_eocip
_f19
_gy-gencatlg
942 _2lcc
_cBK
_nAB